Najwięksi producenci awokado - Statystyki

Ogólne statystyki
  • Ten quiz został rozwiązany 131 razy
  • Średni wynik to 5 z 10
Statystyki odpowiedzi
Ilość (tony) Państwo % Poprawnych
301 000t Brazylia
93%
2 443 000t Meksyk
84%
169 000t Chile
78%
980 000t Kolumbia
78%
777 000t Peru
75%
669 000t Indonezja
51%
213 000t Wietnam
38%
417 000t Kenia
20%
634 000t Dominikana
16%
248 000t Haiti
16%
Nie znaleziono quizów pasujących do podanych kryteriów
Rozkład punktacji
Procent ludzi z każdym wynikiem
Percentyl według liczby udzielonych odpowiedzi
Twoja historia wyników
Nie rozwiązałeś tego quizu